000 00438nam a2200181Ia 4500
001 24759
005 20260414151105.0
008 260414t2011||||xx |||||||||||||| ||spa||
041 _aESP
082 _a345.733
_bE382 T. 1
100 _aEtchegaray, Natalio Pedro
_eAUT
245 0 _aDerecho notarial aplicado
_b
260 _c2011
300 _a535 páginas :
_c23 cm.
650 _aDER
654 _aCDE
942 _cLIB
_dJUS
_fJUS
_2ddc
_n
999 _c24759
_d24759